| 000 | 01110cam a2200301 a 4500 | ||
|---|---|---|---|
| 001 | 13519351 | ||
| 003 | ARRUPE | ||
| 005 | 20150814020023.0 | ||
| 008 | 040311s2004 caua b 001 0 eng | ||
| 010 | _a 2004103857 | ||
| 020 | _a0534559956 | ||
| 035 | _a(DLC) 2004103857 | ||
| 040 |
_aDLC _cDLC _dDLC |
||
| 042 | _apcc | ||
| 050 | 0 | 0 |
_aBL25 _b.U53 2005 |
| 082 | 0 | 0 |
_a200 _222 |
| 245 | 0 | 0 |
_aUnderstanding religion in a global society / _cKent E. Richter ... [et al.]. |
| 260 |
_aBelmont, CA : _bWadsworth/Thomson Learning, _cc2005. |
||
| 300 |
_aix, 398 p.; _c24 cm. |
||
| 650 | 0 |
_aReligion. _9439 |
|
| 700 | 1 |
_aRichter, Kent E. _9440 |
|
| 856 | 4 | 1 |
_3Table of contents only _uhttp://www.loc.gov/catdir/toc/fy0613/2004103857.html |
| 856 | 4 | 2 |
_3Contributor biographical information _uhttp://www.loc.gov/catdir/enhancements/fy1103/2004103857-b.html |
| 856 | 4 | 2 |
_3Publisher description _uhttp://www.loc.gov/catdir/enhancements/fy1103/2004103857-d.html |
| 906 |
_a7 _bcbc _corignew _d2 _eepcn _f20 _gy-gencatlg |
||
| 942 |
_2lcc _cMONOGRAPH _03 |
||
| 999 |
_c117851 _d117851 |
||